000 00233nam a2200097Ia 4500
008 170619s9999 xx 000 0 und d
100 _aTaylor- Shirley
245 0 _aCommunication for business
260 _bNew Delhi Pearson
260 _c2004
546 _aENGLISH
999 _c21770
_d21770